000 01271nam a22002777a 4500
005 20170124103154.0
010 _aB-241900
020 _c250.00
_a8181970063
035 _aB-241900
037 _bCen Lib/Ret
040 _aDPL
_bHN
082 _a842.08
_bउर्दूथि
245 _aउर्दू थिएटर : कल और आज /
_cसम्पादक मखमूर सईदी [और] अनीस आज़मी ; अनुवादक अलीम
246 _aUrdu theatre : kal aur aaj /
_bsampadak Makhmur Saidi [aur] Anees Aazmi ; anuvadak Aleem
260 _aनई दिल्ली
_bराष्ट्रीय नाट्य विद्यालय
_c2006
270 _bनई दिल्ली
_aबहावलपुर हाउस
_e110001
300 _a211पृ. :
_c20सेमी(सजिल्द)
_bसचित्र
650 _aउर्दू नाटक
_988866
650 _aउर्दू थिएटर
_988867
650 _aUrdu drama
_914322
650 _aUrdu theater
_988868
700 _aसईदी, मखमूर
_988869
700 _aआज़मी, अनीस
_988870
700 _aअलीम
_941420
942 _2ddc
_cHN
_h842.08
_mउर्दूथि
999 _c120166
_d120166